header

Lesotho (Record no. 198724)

MARC details
000 -LEADER
fixed length control field 01306nam a2200349 a 4500
245 10 - TITLE STATEMENT
Title Lesotho
260 ## - PUBLICATION, DISTRIBUTION, ETC. (IMPRINT)
Place of publication Petaluma, Calif. :
Name of publisher World Trade Press,
Year of publication c1993-2010 [2010]
300 ## - PHYSICAL DESCRIPTION
Number of Pages 20 p. :
Other physical details ill. (some col.)
500 ## - GENERAL NOTE
General note Cover title.
650 #0 - SUBJECT ADDED ENTRY--TOPICAL TERM
Topical Term Telecommunication
Topical Term Internet
Topical Term Mass media
Topical Term Communication and traffic
Topical Term Communication
Topical Term Mobile communication systems
856 40 - ELECTRONIC LOCATION AND ACCESS
Uniform Resource Identifier http://site.ebrary.com/lib/rucke/Doc?id=10389099

No items available.

© 2026 Rongo University
Contact us: librarian | system librarian | Rongo university